000
00295nam a2200145Ia 4500
100
_a
Sholokhov/Mikhail
650
_a
General
942
_c
BK
654
_a
Soil
245
_a
Virgin Soil Upturned I
260
_b
Progress Publishers
082
_a
891.7
300
_a
422
546
_a
ENGLISH
999
_c
19841
_d
19841